| 000 | 00730cam a22002293a 4500 | ||
|---|---|---|---|
| 001 | 35237 | ||
| 003 | PGUSA | ||
| 005 | 20140828083747.0 | ||
| 008 | 110211s2011||||xxu|||||s|||||000 | eng d | ||
| 040 |
_aPGUSA _beng |
||
| 042 | _adc | ||
| 100 | 1 |
_aCollins, W. W. _q(William Wiehe), _d1862-1951 |
|
| 245 | 1 | 0 |
_aCathedral Cities of England : _b60 reproductions from original water-colours _h[electronic resource] / _cW. W. Collins |
| 260 |
_bProject Gutenberg, _c2011 |
||
| 506 | _aPublic domain in the USA. | ||
| 516 | _aElectronic text | ||
| 653 | _aEngland -- Description and travel | ||
| 653 | _aCathedrals -- England | ||
| 830 | 0 |
_aProject Gutenberg _v35237 |
|
| 856 | 4 | 0 | _uhttp://www.gutenberg.org/ebooks/35237 |
| 942 | _cEB | ||
| 999 |
_c264492 _d264492 |
||